India's states - Statistics

General Stats
  • This quiz has been taken 19 times
  • The average score is 15 of 29
Answer Stats
States % Correct
24 tamil nadu
93%
13 kerala
86%
1 andhra pradesh
79%
27 uttar pradesh
71%
2 arunachal pradesh
64%
3 assam
64%
6 goa
64%
7 gujarat
64%
10 jammu and kashmir
64%
12 karnataka
64%
14 madhya pradesh
64%
16 manipur
64%
15 maharashtra
57%
29 west bengal
57%
4 bihar
50%
21 punjab
50%
22 rajasthan
50%
28 uttarakhand
50%
8 haryana
43%
11 jharkhand
43%
17 meghalaya
43%
20 odisha
43%
25 telangana
43%
9 himachal pradesh
36%
18 mizoram
36%
19 nagaland
29%
23 sikkim
29%
26 tripura
29%
5 chhattisgarh
14%
No matching quizzes found
Score Distribution
Percent of People with Each Score
Percentile by Number Answered
Your Score History
You have not taken this quiz